000 00601cam a22002051 4500
001 sa 68014622
003 DLC
005 20260227112633.0
008 890111s1966 io 000 0 ind
010 _asa 68014622
035 _a(OCoLC)23555561
040 _aDLC
_cMiU
_dDLC
043 _aa-io---
050 0 0 _aHG3883.I5
_bS9
110 2 _aSubroto.
245 1 0 _aKurs, diparitas dan pungutan²;
_btjerita bersambung jang belum kelihatan achirnja.
260 _aDjakarta,
_bLembaga Ekonomi dan Kemsajarakatan Nasional,
_c1966.
300 _a12 l.
_c26 cm.
650 0 _aForeign exchange
_zIndonesia.
999 _c85917
_d85917